Statistics for The X Factor (UK) Superquiz

Click here to take the quiz!

General Stats

  • This quiz has been taken 407 times
    (107 since last reset)
  • The average score is 30 of 63

Answer Stats

Answer% Correct
Louis Walsh
84%
Simon Cowell
84%
Louis Tomlinson
83%
Olly Murs
80%
Little Mix
78%
One Direction
78%
Sharon Osbourne
77%
Che Chesterman
75%
Alexandra Burke
73%
Leona Lewis
73%
Matt Cardle
73%
Matt Terry
72%
Dermot O'Leary
70%
Gary Barlow
70%
Leon Jackson
70%
Sam Bailey
70%
Joe McElderry
67%
Nicole Scherzinger
67%
Tulisa Contostavlos
67%
Cheryl Cole
66%
Dannii Minogue
66%
James Arthur
64%
Caroline Flack
61%
JLS
59%
Shayne Ward
59%
Rak-Su
58%
Robbie Williams
58%
Steve Brookstein
55%
Louisa Johnson
53%
Rebecca Ferguson
52%
Kelly Rowland
47%
Ben Haenow
45%
Fleur East
45%
Ben Mills
44%
Nick Grimshaw
44%
Rita Ora
42%
Ayda Field
39%
Mel B
36%
Ray Quinn
36%
Marcus Collins
34%
Nicholas McDonald
34%
Stacey Solomon
34%
Kate Thornton
33%
G4
30%
Jahméne Douglas
30%
Rhydian Roberts
30%
Andy Abraham
28%
Dalton Harris
27%
Eoghan Quigg
25%
Reggie 'n' Bollie
25%
Saara Aalto
25%
Christopher Maloney
23%
Same Difference
22%
Amelia Lily
20%
Grace Davies
20%
Luke Friend
19%
Andrea Faustini
17%
Scarlett Lee
17%
Tabby Callaghan
17%
Journey South
14%
Anthony Russell
11%
5 After Midnight
9%
Kevin Davy White
9%

Score Distribution

Percentile by Number Answered

Percent of People with Each Score

Your Score History

You have not taken this quiz since the last reset